| 000 | 00635nam a2200193 4500 | ||
|---|---|---|---|
| 999 |
_c189847 _d189847 |
||
| 005 | 20220713161027.0 | ||
| 010 | _aENG-133582 | ||
| 020 |
_a9789390961757 _c350.00 |
||
| 035 | _aEN-117064 | ||
| 037 | _bDBAD/PUB | ||
| 082 | _aS | ||
| 100 | _aThangapandian, Thamizhachi | ||
| 245 |
_aBirthing Hut and Other Stories/ _cThamizhachi Thangapandian,tr V Bharathi harishankar |
||
| 260 |
_aNew Delhi _bVitasta Publishingb Pvt Ltd _c2022 |
||
| 270 |
_bNew Delhi _a 2/15, Ansari Road , daryaganj _e110002 _minfo@vitastapublishing.com |
||
| 300 |
_axvi;73p. _c17cm.(Hbk) _bill |
||
| 700 | _aHarishankar,V Bharathi | ||
| 942 |
_2ddc _cEN _hS _mTHA |
||